00844nam a2200241Ia 4500003000400000005001700004008004100021020001800062040001800080041000800098082001800106100002600124245005700150250001200207260005800219300002000277650005200297650002800349650004600377942003000423999001900453952013000472OSt20240802143933.0210716s2016 xx 000 0 und d a9789385915048 cAIMIT LIBRARY aeng a005.73 2FARA aFaruqi, Anam.9174945 aDesign and analysis of algorithms /cBy Anam Faruqi. a1st ed. aNew Delhi :bCBS Publishers and Distributors ,c2016. avii,262 p.;bPB aTechniques for the design of algorithms9174946 aData structures9174947 aDesign and analysis of algorithms9174948 2ddccBKe1stk005.73 FARA c196129d196129 001040708MCAaAIMITbAIMITeKnowledge Worldg225.00l0o005.73 FARApMCA15643r2026-05-23 00:00:00v175.50w2021-07-16yBK